000 00632nam a2200181Ia 4500
008 090124s9999 xx 000 0 und d
082 _b20681
100 _aसहस्त्रबुध्दे म.ना.
245 _a मराठी शाहिरी वाड्.मय
250 _a1
260 _c1974
300 _a252
600 _aसहस्त्रबुध्दे म.ना.
630 _a मराठी शाहिरी वाड्.मय
700 _aसहस्त्रबुध्दे म.ना.
730 _a मराठी शाहिरी वाड्.मय
942 _cBOOK
999 _c134485
_d134485